000
00303nam a2200109 4500
999
_c
10661
_d
10661
008
180913b ||||| |||| 00| 0 eng d
245
_a
Law vs distracted driving takes effect today.
260
_a
Philippines
_b
The Philippine Star
_c
c2017
300
_a
page 6.
650
0
_9
37117
_a
Law.
942
_2
ddc
_c
PER